A house for Hickory / (Record no. 2980)

MARC details
000 -LEADER
fixed length control field 01088pam a2200313 a 4500
005 - DATE AND TIME OF LATEST TRANSACTION
control field 20240126153350.0
020 ## - INTERNATIONAL STANDARD BOOK NUMBER
International Standard Book Number 9781572550278
040 ## - CATALOGING SOURCE
Original cataloging agency DLC
Transcribing agency DLC
Modifying agency DLC
Language of cataloging eng
050 00 - LIBRARY OF CONGRESS CALL NUMBER
Classification number PZ7.M47817
082 00 - DEWEY DECIMAL CLASSIFICATION NUMBER
Classification number 741.642
100 1# - MAIN ENTRY--PERSONAL NAME
Personal name Mazzone, Kelly
245 12 - TITLE STATEMENT
Title A house for Hickory /
Statement of responsibility, etc. written by Kelly Mazzone ; illustrated by Pat Reynolds.
250 ## - EDITION STATEMENT
Edition statement First published in the United States of America in 1995
260 ## - PUBLICATION, DISTRIBUTION, ETC.
Place of publication, distribution, etc. New York :
Name of publisher, distributor, etc. Mondo Publishing ,
Date of publication, distribution, etc. 1988
300 ## - PHYSICAL DESCRIPTION
Extent 16 pages :
Other physical details color illustrations ;
Dimensions 21 cm .
500 ## - GENERAL NOTE
General note "Originally published in Australia in 1988"--Verso t.p.
505 ## - FORMATTED CONTENTS NOTE
Formatted contents note J <br/>
520 ## - SUMMARY, ETC.
Summary, etc. Lift-up flaps reveal the various possibilities, as Hickory the mouse goes in search of a new house.
521 ## - TARGET AUDIENCE NOTE
Target audience note 500 <br/>
Source Lexile <br/>
521 ## - TARGET AUDIENCE NOTE
Target audience note J <br/>
Source Raz-Plus <br/>
650 #0 - SUBJECT ADDED ENTRY--TOPICAL TERM
Topical term or geographic name entry element Toy and movable books
Form subdivision Specimens.
650 #1 - SUBJECT ADDED ENTRY--TOPICAL TERM
Topical term or geographic name entry element Mice
Form subdivision Fiction.
650 #1 - SUBJECT ADDED ENTRY--TOPICAL TERM
Topical term or geographic name entry element Dwellings
Form subdivision Fiction.
650 #1 - SUBJECT ADDED ENTRY--TOPICAL TERM
Topical term or geographic name entry element Toy and movable books.
700 1# - ADDED ENTRY--PERSONAL NAME
Personal name Reynolds, Pat
Relator term illustrator
906 ## - LOCAL DATA ELEMENT F, LDF (RLIN)
a 7
b cbc
c orignew
d 1
e ocip
f 19
g y-gencatlg
942 ## - ADDED ENTRY ELEMENTS (KOHA)
Source of classification or shelving scheme Dewey Decimal Classification
Koha item type Books
Suppress in OPAC No
999 ## -
-- 2980
-- 2980
Holdings
Withdrawn status Lost status Source of classification or shelving scheme Damaged status Not for loan Collection Home library Current library Shelving location Date acquired Total Checkouts Full call number Barcode Date last seen Date last checked out Price effective from Koha item type
    Dewey Decimal Classification     Fiction Footprints International School Library Network Toul Kork Campus Footprints International School Library Network Toul Kork Campus   01/26/2024 3 MAZ 741.642 PZ7.M47817 FISTK02404 03/19/2024 03/12/2024 01/26/2024 Books